| 000 | 00876nam a2200253 i 4500 | ||
|---|---|---|---|
| 001 | bg | ||
| 245 | 0 | 0 |
_aI Środkowoeuropejska Konferencja "Recykling materiałów polimerowych nauka - przemysł" = _b1st Central European Conference "Recycling of polymer materials science-industry" / _cPolitechnika Szczecińska. |
| 260 |
_aSzczecin : _bWydaw. Uczelniane PS, _c2001. |
||
| 300 |
_a242 s. : _bil. ; _c30 cm. |
||
| 500 | _aTekst częśc. pol., ang., i ros. | ||
| 504 | _aBibliogr przy ref. | ||
| 650 | 9 |
_aPolimery _xrecykling |
|
| 650 | 9 | _aRecykling | |
| 655 | _aMateriały konferencyjne | ||
| 700 | 1 |
_aTARTAKOWSKI, Zenon. _eRed. |
|
| 710 | 0 | _aPolitechnika Szczecińska | |
| 020 | _a8388764XX11X | ||
| 040 | _cBPK | ||
| 041 | w | _apolengrus | |
| 080 | _a678.7:628.477](061) | ||
| 920 | _a83-88764-XX-11-X | ||
| 942 | _cKS | ||
| 008 | s pl f |000 0 pol | ||
| 999 |
_c43478 _d43478 |
||
| 856 |
_uhttp://koha.tu.koszalin.pl/cgi-bin/koha/opac-detail.pl?biblionumber=43478 _yKatalog online BPK |
||